00317nam a2200121Ia 4500008004100000100001700041245005300058260002000111300000800131650003200139942000700171999001700178190216s9999||||xx |||||||||||||| ||und|| aThomas Hardy 0aUnder The Green Wood Tree Or The Mellstock Quire bMacmillanc1971 a204 aEnglish Novel-English Novel cBK c11619d11619